[Event "GRE CupT final 37th"]
[Site "Patras"]
[Date "2019.06.30"]
[Round "2.2"]
[White "Alexakis, Dimitris"]
[Black "Triantos, Konstantinos"]
[Result "1-0"]
[WhiteElo "2305"]
[BlackElo "2129"]
[PlyCount "147"]
[EventDate "2019.06.30"]
[EventType "team-k.o."]
[EventRounds "3"]
[EventCountry "GRE"]
[SourceTitle "CBM 191 Extra"]
[Source "ChessBase"]
[SourceDate "2019.09.30"]
[SourceVersion "1"]
[SourceVersionDate "2019.09.30"]
[SourceQuality "1"]
[WhiteTeam "Peiraikos OS"]
[BlackTeam "Asia Aegiou"]
[WhiteTeamCountry "GRE"]
[BlackTeamCountry "GRE"]

1. e4 c5 2. Nf3 d6 3. d4 cxd4 4. Nxd4 Nf6 5. Nc3 Nc6 6. Bg5 e6 7. Qd3 a6 8. 0-0-0 Be7 9. Nxc6 bxc6 10. Qg3 e5 11. Be2 h6 12. Be3 g5 13. Bc4 Qc7 14. h4 gxh4 15. Qg7 Rh7 16. Bxf7+ Kd8 17. Rxd6+ Qxd6 18. Bb6+ Kd7 19. Qg6 Rxf7 20. Qxf7 Rb8 21. Ba5 Qe6 22. Rd1+ Nd5 23. Qh7 Bb7 24. Bb4 Re8 25. exd5 cxd5 26. Nxd5 Bxd5 27. c4 Kc8 28. cxd5 Qd7 29. Qc2+ Kb8 30. d6 Bg5+ 31. Kb1 Rc8 32. Qe4 Qc6 33. Qxc6 Rxc6 34. Ba5 Rc5 35. b4 Rc4 36. d7 Rg4 37. d8Q+ Bxd8 38. Rxd8+ Kb7 39. Rd7+ Kc6 40. Rh7 Rxg2 41. Rxh6+ Kb5 42. Rxh4 Rxf2 43. Re4 Ka4 44. Rxe5 Rb2+ 45. Kc1 Rxa2 46. Re6 Kb3 47. Rxa6 Rc2+ 48. Kd1 Rc8 49. Kd2 Kc4 50. Rb6 Rc7 51. Rd6 Rc8 52. Kc2 Rh8 53. Rc6+ Kb5 54. Rc5+ Ka4 55. Kc3 Rh3+ 56. Kc4 Rh4+ 57. Kd5 Rh5+ 58. Kc6 Rh6+ 59. Kb7 Rh7+ 60. Kb6 Rh6+ 61. Rc6 Rh5 62. Ka6 Rh8 63. Rc4 Ra8+ 64. Kb6 Rb8+ 65. Kc6 Rb5 66. Rc1 Rh5 67. Ra1+ Kb3 68. b5 Rh6+ 69. Kb7 Kc4 70. b6 Rh7+ 71. Ka6 Rh6 72. Rc1+ Kb3 73. Ka7 Ka4 74. b7 1-0

[Event "GRE-ch U20"]
[Site "Trikala"]
[Date "2019.05.03"]
[Round "6"]
[White "Chatzieleftheriou, Andreas"]
[Black "Triantos, Konstantinos"]
[Result "1-0"]
[WhiteElo "2186"]
[BlackElo "2082"]
[PlyCount "97"]
[EventDate "2019.04.30"]
[EventType "swiss"]
[EventRounds "9"]
[EventCountry "GRE"]
[SourceTitle "CBM 190 Extra"]
[Source "ChessBase"]
[SourceDate "2019.07.15"]
[SourceVersion "1"]
[SourceVersionDate "2019.07.15"]
[SourceQuality "1"]

1. e4 c5 2. Nf3 Nc6 3. Bb5 Nf6 4. e5 Nd5 5. 0-0 a6 6. Bxc6 dxc6 7. d3 Bg4 8. Nbd2 e6 9. a3 Be7 10. Re1 h6 11. Ne4 Qc7 12. Bd2 g5 13. h3 Bf5 14. c4 Nf4 15. Bxf4 gxf4 16. Qd2 0-0-0 17. Rad1 Rhg8 18. Kh1 Qb6 19. Qc3 Kb8 20. Re2 Bg6 21. Red2 Rd7 22. Nf6 Bxf6 23. exf6 Qc7 24. d4 cxd4 25. Rxd4 Rgd8 26. Rxd7 Rxd7 27. Rxd7 Qxd7 28. Qe5+ Qc7 29. c5 Kc8 30. Qxc7+ Kxc7 31. Ne5 Bh5 32. b4 Kd8 33. Kg1 Ke8 34. Kf1 Bg6 35. Ke1 Be4 36. f3 Bd5 37. Kd2 Kf8 38. h4 h5 39. Nd3 Ba2 40. Nxf4 Kg8 41. Ke3 e5 42. Nd3 e4 43. Kxe4 Bb1 44. Kd4 Bxd3 45. Kxd3 Kh7 46. g4 Kg6 47. g5 Kf5 48. Ke3 Ke5 49. f4+ 1-0

[Event "GRE-ch U20"]
[Site "Trikala"]
[Date "2019.05.02"]
[Round "4"]
[White "Trimitzios, Petros"]
[Black "Triantos, Konstantinos"]
[Result "1-0"]
[WhiteElo "2284"]
[BlackElo "2082"]
[PlyCount "85"]
[EventDate "2019.04.30"]
[EventType "swiss"]
[EventRounds "9"]
[EventCountry "GRE"]
[SourceTitle "CBM 190 Extra"]
[Source "ChessBase"]
[SourceDate "2019.07.15"]
[SourceVersion "1"]
[SourceVersionDate "2019.07.15"]
[SourceQuality "1"]

1. Nf3 c5 2. c4 Nc6 3. Nc3 g6 4. e3 Bg7 5. d4 d6 6. Be2 e6 7. 0-0 Nf6 8. d5 exd5 9. cxd5 Ne7 10. e4 0-0 11. h3 a6 12. a4 Ne8 13. Bf4 Qc7 14. Bc4 h6 15. Qd2 g5 16. Bh2 Ng6 17. g4 Nf6 18. e5 dxe5 19. d6 Qd7 20. Nxe5 Nxe5 21. Bxe5 Nxg4 22. Bxg7 Kxg7 23. f4 Nf6 24. fxg5 Nh7 25. gxh6+ Kh8 26. Rf3 b5 27. Bd5 Bb7 28. Bxb7 Qxb7 29. Nd5 b4 30. b3 Rad8 31. Qb2+ f6 32. Rxf6 Nxf6 33. Nxf6 Qf7 34. Rf1 Qg6+ 35. Kh2 Qxh6 36. Rf5 Rxd6 37. Rh5 Qxh5 38. Nxh5+ Rd4 39. Qe2 Rd5 40. Ng3 Rfd8 41. Ne4 R8d7 42. Qb2+ Rd4 43. Nxc5 1-0

[Event "GRE-ch U20"]
[Site "Trikala"]
[Date "2019.04.30"]
[Round "1"]
[White "Triantos, Konstantinos"]
[Black "Blitsas, Orestis"]
[Result "1-0"]
[WhiteElo "2082"]
[BlackElo "1627"]
[PlyCount "51"]
[EventDate "2019.04.30"]
[EventType "swiss"]
[EventRounds "9"]
[EventCountry "GRE"]
[SourceTitle "CBM 190 Extra"]
[Source "ChessBase"]
[SourceDate "2019.07.15"]
[SourceVersion "1"]
[SourceVersionDate "2019.07.15"]
[SourceQuality "1"]

1. e4 c5 2. Nf3 e6 3. d4 cxd4 4. Nxd4 Nc6 5. Nc3 Qc7 6. Qd3 a6 7. Nxc6 bxc6 8. Qg3 Qxg3 9. hxg3 e5 10. Be3 Nf6 11. f3 Be7 12. 0-0-0 c5 13. Na4 d6 14. Nb6 Rb8 15. Nxc8 Rxc8 16. Bxa6 Rb8 17. a4 0-0 18. Rd3 Ne8 19. f4 Rb4 20. Ra3 Rxe4 21. Bd3 Rb4 22. Bxh7+ Kh8 23. Bd2 Rb8 24. g4 exf4 25. Bf5+ Kg8 26. Rah3 1-0

[Event "Thessaloniki Vardaris op 5th"]
[Site "Thessaloniki"]
[Date "2019.03.10"]
[Round "6"]
[White "Triantos, Konstantinos"]
[Black "Drazic, Sinisa"]
[Result "0-1"]
[WhiteElo "2062"]
[BlackElo "2370"]
[PlyCount "88"]
[EventDate "2019.03.07"]
[EventType "swiss"]
[EventRounds "7"]
[EventCountry "GRE"]
[SourceTitle "CBM 189 Extra"]
[Source "ChessBase"]
[SourceDate "2019.06.03"]
[SourceVersion "1"]
[SourceVersionDate "2019.06.03"]
[SourceQuality "1"]

1. e4 g6 2. d4 Nf6 3. Nc3 d5 4. e5 Ne4 5. Bd3 Nxc3 6. bxc3 Nc6 7. f4 Bf5 8. Nf3 Qd7 9. 0-0 e6 10. Be3 Na5 11. Rb1 a6 12. Nd2 Qc6 13. g4 Bxd3 14. cxd3 Qxc3 15. Nb3 Nxb3 16. Rxb3 Qc6 17. Qc1 Qxc1 18. Bxc1 b5 19. Ba3 Kd7 20. f5 gxf5 21. gxf5 Rg8+ 22. Kh1 Bxa3 23. Rxa3 Rg4 24. fxe6+ fxe6 25. Rf7+ Kc6 26. Rc3+ Kb6 27. Re7 Rg6 28. Rexc7 Rag8 29. R3c6+ Ka5 30. Rc1 Rg4 31. Rxh7 Rxd4 32. Rh3 Rg5 33. Re3 Rf4 34. Rg1 d4 35. Re2 Rxg1+ 36. Kxg1 Kb4 37. Rf2 Rg4+ 38. Rg2 Rh4 39. Rg6 Kc3 40. Rxe6 Kxd3 41. Rxa6 Ke2 42. Kg2 d3 43. Rd6 Rg4+ 44. Kh3 Re4 0-1

[Event "Thessaloniki Vardaris op 5th"]
[Site "Thessaloniki"]
[Date "2019.03.09"]
[Round "3"]
[White "Tilicheev, Viacheslav"]
[Black "Triantos, Konstantinos"]
[Result "1-0"]
[WhiteElo "2540"]
[BlackElo "2062"]
[PlyCount "115"]
[EventDate "2019.03.07"]
[EventType "swiss"]
[EventRounds "7"]
[EventCountry "GRE"]
[SourceTitle "CBM 189 Extra"]
[Source "ChessBase"]
[SourceDate "2019.06.03"]
[SourceVersion "1"]
[SourceVersionDate "2019.06.03"]
[SourceQuality "1"]

1. e4 c5 2. Nf3 d6 3. d4 cxd4 4. Nxd4 Nf6 5. Nc3 Nc6 6. Bg5 Bd7 7. Bxf6 gxf6 8. Nf5 Qa5 9. Bb5 a6 10. Bxc6 bxc6 11. Qd3 Rg8 12. 0-0 0-0-0 13. b4 Qb6 14. a4 d5 15. a5 Qb7 16. Na4 Qb5 17. Nb6+ Kb7 18. Qh3 Bxf5 19. exf5 Qe2 20. Rae1 Qg4 21. Qxg4 Rxg4 22. f4 e6 23. fxe6 fxe6 24. Rxe6 Bxb4 25. Rxf6 Rf8 26. Nd7 Rxf6 27. Nxf6 Bc5+ 28. Kh1 Rg7 29. f5 Rf7 30. Nh5 Be3 31. g4 d4 32. Kg2 c5 33. Rb1+ Kc6 34. Rb6+ Kd5 35. Nf6+ Kc4 36. Ne4 Rd7 37. Rxa6 d3 38. cxd3+ Kxd3 39. Rd6+ Rxd6 40. Nxd6 c4 41. Nxc4 Kxc4 42. f6 Kb5 43. h4 Kxa5 44. g5 Kb5 45. f7 Bc5 46. h5 Kc6 47. g6 hxg6 48. h6 Kd7 49. h7 Ke7 50. h8Q Kxf7 51. Qh7+ Kf6 52. Qh4+ Kg7 53. Kf3 Bf8 54. Ke4 Kf7 55. Qf4+ Ke7 56. Kd5 Bg7 57. Qc7+ Kf6 58. Qe5+ 1-0

[Event "Wch U16"]
[Site "Porto Carras"]
[Date "2018.10.30"]
[Round "11.17"]
[White "Triantos, Konstantinos"]
[Black "Olsen, Filip Boe"]
[Result "1/2-1/2"]
[WhiteElo "2002"]
[BlackElo "2335"]
[PlyCount "115"]
[EventDate "2018.10.20"]
[EventType "swiss"]
[EventRounds "11"]
[EventCountry "GRE"]
[SourceTitle "CBM 187 Extra"]
[Source "ChessBase"]
[SourceDate "2018.11.04"]
[SourceVersion "1"]
[SourceVersionDate "2018.11.04"]
[SourceQuality "1"]

1. e4 c6 2. d4 d5 3. e5 Bf5 4. g4 Be4 5. f3 Bg6 6. e6 Qd6 7. exf7+ Bxf7 8. Nh3 Nd7 9. Qe2 h6 10. Bf4 Qf6 11. Qe3 g5 12. Bg3 Bg7 13. c3 c5 14. dxc5 Qc6 15. Na3 a6 16. Nc2 Qxc5 17. Bd3 Qxe3+ 18. Nxe3 e6 19. f4 gxf4 20. Nxf4 Ne7 21. 0-0 0-0 22. Bh4 Nc6 23. g5 hxg5 24. Bxg5 d4 25. Ng4 dxc3 26. bxc3 Nc5 27. Bc2 Bxc3 28. Rac1 Bd4+ 29. Kh1 Be8 30. Ng6 Rxf1+ 31. Rxf1 Bxg6 32. Bxg6 Ne5 33. Bf6 Nxg6 34. Bxd4 Nd7 35. Nh6+ Kh7 36. Rf7+ Kxh6 37. Rxd7 Kg5 38. Rxb7 Kf5 39. Kg2 Rd8 40. Be3 Ne5 41. Rb4 Rg8+ 42. Kf1 Ng4 43. Rf4+ Ke5 44. Ke2 Nxh2 45. Ra4 Rg2+ 46. Kd3 Ng4 47. Ra5+ Kf6 48. Ke4 Re2 49. Kf3 Rxe3+ 50. Kxg4 Re1 51. Kf3 e5 52. Rxa6+ Kf5 53. Ra8 e4+ 54. Kf2 Ra1 55. Rf8+ Ke5 56. Re8+ Kf5 57. Rf8+ Ke5 58. Re8+ 1/2-1/2

[Event "EU-ch U16 28th"]
[Site "Riga"]
[Date "2018.08.21"]
[Round "2"]
[White "Guerra Rivera, Salvador"]
[Black "Triantos, Konstantinos"]
[Result "1-0"]
[WhiteElo "2358"]
[BlackElo "2004"]
[PlyCount "41"]
[EventDate "2018.08.20"]
[EventType "swiss"]
[EventRounds "9"]
[EventCountry "LAT"]
[SourceTitle "CBM 186 Extra"]
[Source "ChessBase"]
[SourceDate "2018.08.24"]
[SourceVersion "1"]
[SourceVersionDate "2018.08.24"]
[SourceQuality "1"]

1. Nf3 Nf6 2. g3 d5 3. Bg2 e6 4. 0-0 b6 5. c4 Bb7 6. b3 Bd6 7. Bb2 Nbd7 8. Nc3 0-0 9. Rc1 c6 10. d4 Ba6 11. Nd2 Be7 12. e4 b5 13. exd5 cxd5 14. cxb5 Bb7 15. Qe2 a6 16. a4 Qa5 17. Nc4 Qc7 18. Ne5 Qb6 19. Nxd7 Nxd7 20. Nxd5 exd5 21. Qxe7 1-0

[Event "Paleochora op 11th"]
[Site "Paleochora"]
[Date "2018.07.23"]
[Round "7"]
[White "Triantos, Konstantinos"]
[Black "Stefansson, Vignir Vatnar"]
[Result "1/2-1/2"]
[WhiteElo "2078"]
[BlackElo "2277"]
[PlyCount "52"]
[EventDate "2018.07.18"]
[EventType "swiss"]
[EventRounds "9"]
[EventCountry "GRE"]
[SourceTitle "CBM 186 Extra"]
[Source "ChessBase"]
[SourceDate "2018.08.24"]
[SourceVersion "1"]
[SourceVersionDate "2018.08.24"]
[SourceQuality "1"]

1. e4 d5 2. exd5 Qxd5 3. Nc3 Qd6 4. d4 Nf6 5. Nf3 c6 6. g3 Bf5 7. Bg2 e6 8. 0-0 h6 9. Ne2 Be7 10. c4 0-0 11. Qb3 Qb4 12. Qxb4 Bxb4 13. Ne5 Nbd7 14. a3 Be7 15. Rd1 Nxe5 16. dxe5 Ng4 17. Nd4 Rad8 18. Be3 Nxe5 19. Nxf5 exf5 20. b3 b6 21. Bd4 Bf6 22. Bxe5 Bxe5 23. Rab1 c5 24. Rd5 Rfe8 25. Rxd8 Rxd8 26. Bd5 Kf8 1/2-1/2

[Event "Paleochora op 11th"]
[Site "Paleochora"]
[Date "2018.07.19"]
[Round "2"]
[White "Gordon, Stephen J"]
[Black "Triantos, Konstantinos"]
[Result "1-0"]
[WhiteElo "2539"]
[BlackElo "2078"]
[PlyCount "81"]
[EventDate "2018.07.18"]
[EventType "swiss"]
[EventRounds "9"]
[EventCountry "GRE"]
[SourceTitle "CBM 186 Extra"]
[Source "ChessBase"]
[SourceDate "2018.08.24"]
[SourceVersion "1"]
[SourceVersionDate "2018.08.24"]
[SourceQuality "1"]

1. Nf3 Nf6 2. c4 e6 3. g3 d5 4. Bg2 Be7 5. 0-0 0-0 6. b3 c6 7. Bb2 b5 8. d3 Bb7 9. Nbd2 Nbd7 10. Qc2 Bd6 11. d4 bxc4 12. bxc4 c5 13. cxd5 exd5 14. dxc5 Nxc5 15. Nd4 Re8 16. N2f3 Ba6 17. Rac1 Rc8 18. Bh3 Ne6 19. Qa4 Rxc1 20. Rxc1 Nxd4 21. Nxd4 Qb6 22. Ba1 Bc5 23. e3 Bc4 24. Bf1 Bxf1 25. Kxf1 Re4 26. Qc6 Qxc6 27. Nxc6 Rc4 28. Rxc4 dxc4 29. Bxf6 gxf6 30. Ke2 Kf8 31. Kd2 Ke8 32. Kc3 Kd7 33. Nd4 Kd6 34. Kxc4 Bb6 35. f4 a6 36. Kd3 Kd5 37. Nf5 Bc5 38. Nh6 Ke6 39. Ke4 Bb6 40. f5+ Ke7 41. Ng8+ 1-0